Statistics for 25 Most Popular Animals On Google Search

Click here to take the quiz!

General Stats

  • This quiz has been taken 196 times
    (187 since last reset)
  • The average score is 6 of 10

Answer Stats

Answer% Correct
2CAT
97%
1DOG
97%
3HORSE
74%
7BIRD
70%
5FISH
64%
10PIG
63%
9SNAKE
51%
6BEAR
47%
8SHARK
41%
4CHICKEN
37%

Score Distribution

Percentile by Number Answered

Percent of People with Each Score

Your Score History

You have not taken this quiz since the last reset